Tennis - Décodeur - Statistiques

Statistiques générales
  • Ce quiz a été pris 506 fois
  • Le résultat moyen est 10 sur 14
Statistiques - réponses
Indice Réponse % Correct
A Point gagné au service sans que l'adversaire ne touche la balle Ace
92%
T Jeu décisif disputé lorsque le score d'un set atteint 6-6 Tie-break
90%
U Tournoi du Grand Chelem qui se déroule à Flushing Meadows US Open
90%
T Surface de terrain sur laquelle se déroule les tournois de Rome et Madrid Terre battue
89%
M Joueur britannique membre du Big Four aux côtés de Roger Federer, Rafael Nadal et Novak Djokovic Andy Murray
87%
C Zone du terrain réservée au matchs de double Couloir
85%
J Ancêtre du tennis qui se jouait à la main Jeu de paume
85%
T Ville canadienne qui accueille chaque année un tournoi WTA 1000 ou un Masters 1000, en alternance avec Montréal Toronto
84%
E Score de 40-40 lors d'un jeu, qui oblige à marque deux points de suite pour l'emporter Égalité
82%
S Effet appliqué à la balle lors de la frappe qui la fait dévier latéralement Slice
76%
Message Jeu, set et match
66%
E Joueur suédois ayant remporté six titres du Grand Chelem, reconnu pour son très grand fair-play Stefan Edberg
43%
E Joueuse américaine qui détient le record du meilleur ratio de victoires en carrière (88,6%) Chris Evert
31%
H Joueuse suisse, active de 1994 à 2017 ; elle est la plus jeune gagnante d'un Grand Chelem de l'ère Open Martina Hingis
30%
Aucun quiz correspondant
Distribution des résultats
% des personnes avec chaque résultat
Percentile par nombre de réponses
Votre historique - résultats
Vous n’avez pas pris ce quiz